000 00958nam a2200205Ia 4500
001 230-BIL lo (4006)
003 IT-MiSPE
008 171229s9999||||xx |||||||||||||| ||und||
040 _aIT-MiSPE
_cIT-MiSPE
041 _aLATINO
100 _aLouis Billot (Ludovicus Billot)
245 0 _a(VI) De virtutibus infusis
_bCommentarius in Secundam Partem S. Thomae
250 _a1a ed. (v)
260 _aRomae
_bTyp. Pol. S.C. de Prop. Fide
_c1901
300 _a437 p.
_c21 cm
501 _aEdizioni San Paolo srl - Piazza Soncino, 5 - 20092 CINISELLO BALSAMO (MI) (non commercial uses only) ® Copyright 2018
942 _cBK
957 _71
999 _a8324
_bNO
_g Copie: 1
_c339955
_d339955